000 00683nam a2200241Ia 4500
003 0100
005 20161004113034.0
008 130303s9999 xx 000 0 und d
040 _cARRUPELIB
050 _aBR1453.R6D313
100 _aDaneel, M.L
_918936
245 _aZionism and faith-healing in Rhodesia
245 _baspects of African independent churches
260 _a's-Gravenhage
260 _bMouton
300 _a64p. 22cm
650 _aChristianity
_zRhodesia
_926411
650 _aNativistic movements
_zRhodesia
_926412
650 _aZionist Christian Church
_926413
650 _aFaith
_xCure
_926414
700 _aM.L Daneel
_926415
942 _2lcc
_cMONOGRAPH
999 _c34249
_d34249